000
00332pab a2200145 454500
008
180718b1996 xxu||||| |||| 00| 0 eng d
100
_a
Raoot, S.G.
245
_a
IRDP: should it be project oriented?
260
_c
1996
300
_a
p.20,23
362
_a
Dec
650
_a
Rural development
773
_a
Yojana
909
_a
32748
999
_c
32748
_d
32748